| 000 | 00482nam a22001337a 4500 | ||
|---|---|---|---|
| 999 |
_c523066 _d523066 |
||
| 008 | 230628b ||||| |||| 00| 0 eng d | ||
| 100 |
_aVohra, N.N. _942018 |
||
| 245 | _aBuilding a strong India each organ of constitutional framework must function with efficiency & honesty | ||
| 260 | _aIndian Journal of Public Administration | ||
| 300 | _a69(2), Jun, 2023: p.482-486 | ||
| 773 | _aIndian Journal of Public Administration | ||
| 906 | _aPUBLIC ADMINISTRATION | ||
| 942 | _cAR | ||